ბათუმის შოთა რუსთაველის სახელმწიფო უნივერსიტეტის ბიბლიოთეკა

The Practice of Health Program Evaluation / (ბიბ.ჩანაწერი № 45418)

000 -LEADER
fixed length control field 00714nam a2200217Ia 4500
001 - CONTROL NUMBER
control field 12242
003 - CONTROL NUMBER IDENTIFIER
control field GE_BSU
005 - DATE AND TIME OF LATEST TRANSACTION
control field 20221117153732.0
008 - FIXED-LENGTH DATA ELEMENTS--GENERAL INFORMATION
fixed length control field 181216s2001en xx |||||||||||||| ||eng||
020 ## - INTERNATIONAL STANDARD BOOK NUMBER
International Standard Book Number 9780761918479 x
040 ## - CATALOGING SOURCE
Transcribing agency GE_BSU
041 ## - LANGUAGE CODE
Language code of text/sound track or separate title eng
080 ## - UNIVERSAL DECIMAL CLASSIFICATION NUMBER
Universal Decimal Classification number 614.2 G-79
100 ## - MAIN ENTRY--PERSONAL NAME
Personal name Grembowski, David.
9 (RLIN) 15898
245 #4 - TITLE STATEMENT
Title The Practice of Health Program Evaluation /
Statement of responsibility, etc. David Grembowski.
264 ## - PRODUCTION, PUBLICATION, DISTRIBUTION, MANUFACTURE, AND COPYRIGHT NOTICE
Place of production, publication, distribution, manufacture London:
Name of producer, publisher, distributor, manufacturer Thousand Oaks,Calif,Sage Publations,
Date of production, publication, distribution, manufacture, or copyright notice 2001.
300 ## - PHYSICAL DESCRIPTION
Extent 323 p.:
Other physical details 24 cm.
Dimensions ill;
653 ## - INDEX TERM--UNCONTROLLED
keyword The Practice of Health Program Evaluation.
653 ## - INDEX TERM--UNCONTROLLED
keyword ჯანდაცვის პრაქტიკის პროგრამის შეფასება.
942 ## - ADDED ENTRY ELEMENTS (KOHA)
Koha item type წიგნი
Source of classification or shelving scheme
ეგზემპლარები
Withdrawn status Lost status Source of classification or shelving scheme Damaged status Not for loan Permanent Location Current Location Shelving location Date acquired Cost, normal purchase price Full call number Barcode Date last seen Copy number Price effective from Koha item type Public note
          ბათუმის შოთა რუსთაველის სახელმწიფო უნივერსიტეტის მთავარი ბიბლიოთეკა ბათუმის შოთა რუსთაველის სახელმწიფო უნივერსიტეტის მთავარი ბიბლიოთეკა წიგნსაცავი 2018-12-17 159.00 614.2 G-79 36005 2018-12-17 36005 2018-12-17 წიგნი 159ლ.